00413nam a2200157Ia 4500003000400000008004100004040001600045082001300061100001900074245007400093260003100167300001000198650001100208650001800219650001800237GCL140319s9999 xx 000 0 eng d aGCL / cGCL04a941bA C1 aACLAND, C.H.D.10aTHE COUNTRY LIFE PICTURE BOOK OF THE LAKE PISTRICT / cACLAND, C.H.D. a[S.N] : bHAMLYN ، c1988 a128 P04aEUROPE04aLAKE DISTRICT04aGREAT BRITAIN